[Event "Zhongshan zt 3.5"]
[Site "Zhongshan"]
[Date "2014.10.31"]
[Round "6"]
[White "Yang, Jie"]
[Black "Xu, Zhihang"]
[Result "1-0"]
[WhiteElo "2325"]
[BlackElo "2119"]
[PlyCount "149"]
[EventDate "2014.10.26"]
[EventType "swiss"]
[EventRounds "11"]
[EventCountry "CHN"]
[SourceTitle "EXT 2015"]
[Source "ChessBase"]
[SourceDate "2014.11.20"]
[SourceVersion "1"]
[SourceVersionDate "2014.11.20"]
[SourceQuality "1"]

1. d4 Nf6 2. c4 e6 3. Nc3 Bb4 4. e3 0-0 5. Bd3 d5 6. Nf3 c5 7. 0-0 cxd4 8. exd4 dxc4 9. Bxc4 b6 10. Qe2 Bb7 11. Bg5 Nc6 12. Rfd1 Na5 13. Bd3 Rc8 14. Rac1 Be7 15. Ne5 Nc6 16. Nb5 Qd5 17. Nf3 a6 18. Nc3 Qa5 19. d5 Nb4 20. d6 Bxf3 21. Qxf3 Qxg5 22. dxe7 Rfe8 23. g3 Rxe7 24. Ne4 Qxc1 25. Nxf6+ gxf6 26. Rxc1 Rxc1+ 27. Kg2 f5 28. a3 Nc2 29. Qa8+ Kg7 30. Bxc2 Rxc2 31. Qd8 Rcc7 32. Qd4+ e5 33. Qxb6 Rb7 34. Qe3 Kg6 35. h4 h6 36. b4 Re6 37. h5+ Kg7 38. Qf3 e4 39. Qxf5 Rb5 40. Qg4+ Rg5 41. Qd1 Ree5 42. a4 Re6 43. Qe2 Rd5 44. Qb2+ Kh7 45. Qb3 Rf5 46. Qd1 Ref6 47. Qd4 Re6 48. Qc4 Rxh5 49. b5 axb5 50. axb5 Rf5 51. b6 Rg5 52. Qc7 Kg6 53. b7 Rb5 54. b8Q Rxb8 55. Qxb8 Kg7 56. Qb2+ Kh7 57. Qd4 Kg6 58. Qh8 Rf6 59. Qg8+ Kf5 60. Qh7+ Ke5 61. Qh8 Kf5 62. Kf1 Kg6 63. Qg8+ Kf5 64. Ke2 Ke5 65. Qg7 Ke6 66. Qh8 Ke7 67. Qa8 Re6 68. Ke3 Kf6 69. Kf4 Ke7 70. Qb8 Kf6 71. Qh8+ Ke7 72. Qg7 Rg6 73. Qh7 Re6 74. g4 Rf6+ 75. Kxe4 1-0

[Event "Zhongshan zt 3.5"]
[Site "Zhongshan"]
[Date "2014.10.29"]
[Round "4"]
[White "Xiang, Zeyu"]
[Black "Yang, Jie"]
[Result "1-0"]
[WhiteElo "2107"]
[BlackElo "2325"]
[PlyCount "95"]
[EventDate "2014.10.26"]
[EventType "swiss"]
[EventRounds "11"]
[EventCountry "CHN"]
[SourceTitle "EXT 2015"]
[Source "ChessBase"]
[SourceDate "2014.11.20"]
[SourceVersion "1"]
[SourceVersionDate "2014.11.20"]
[SourceQuality "1"]

1. d4 d5 2. c4 c6 3. cxd5 cxd5 4. Bf4 Nc6 5. e3 Nf6 6. Nc3 Bf5 7. Qb3 Qd7 8. Nf3 e6 9. Ne5 Qc8 10. Bb5 Nd7 11. 0-0 Ndxe5 12. Bxe5 a6 13. Bxc6+ Qxc6 14. Rfc1 Rc8 15. Qd1 Qd7 16. Na4 Rc6 17. Rxc6 bxc6 18. Qb3 f6 19. Bg3 Kf7 20. Rc1 Be7 21. Qb6 Bd3 22. Rxc6 Rc8 23. Rxc8 Qxc8 24. Nc3 Qd7 25. a3 Bd8 26. Qd6 Qc8 27. Qb8 Qd7 28. Bd6 Kg6 29. h3 h6 30. f4 Kh7 31. Bc5 Bc7 32. Qb7 Qd8 33. Qc6 Bf5 34. Qxa6 e5 35. fxe5 fxe5 36. Qf1 Qg5 37. Nxd5 Bxh3 38. Be7 Qg6 39. Nxc7 Bxg2 40. Qxg2 Qb1+ 41. Kh2 Qf5 42. Bh4 exd4 43. exd4 Qf4+ 44. Bg3 Qxd4 45. Ne6 Qd1 46. Qe4+ Kg8 47. Qf5 Qd2+ 48. Qf2 1-0